000 00488nam a22001697a 4500
003 OSt
005 20220916163925.0
008 220916b |||||||| |||| 00| 0 eng d
020 _a88-8158-604-5
040 _cBiblioteca Lado V
082 _a708
_bR447d
100 _aReuter, Laurel
245 _aLos Desaparecidos/
_bThe Disappeard/
260 _aDakota del norte
_bNorth Dakota Museum of Art
_c2006
300 _a111p.
_c17x24cm
942 _2ddc
_c1
_h708
_iR447d
_n0
999 _c2062
_d2062